<?xml version="1.0" encoding="UTF-8"?>
<collection xmlns="http://www.loc.gov/MARC21/slim">
 <record>
  <leader>02101nam a2200349 a 4500</leader>
  <controlfield tag="001">0017809</controlfield>
  <controlfield tag="003">BD-DhAAL</controlfield>
  <controlfield tag="008">100324s2001    caua     bc   001 0deng d</controlfield>
  <datafield tag="010" ind1=" " ind2=" ">
   <subfield code="a">\\\00045595 </subfield>
  </datafield>
  <datafield tag="020" ind1=" " ind2=" ">
   <subfield code="a">0810942232</subfield>
  </datafield>
  <datafield tag="040" ind1=" " ind2=" ">
   <subfield code="a">DLC</subfield>
   <subfield code="c">DLC</subfield>
   <subfield code="d">DLC</subfield>
   <subfield code="d">BD-DhAAL</subfield>
  </datafield>
  <datafield tag="082" ind1="0" ind2="0">
   <subfield code="a">720.92</subfield>
   <subfield code="2">21</subfield>
  </datafield>
  <datafield tag="100" ind1="1" ind2=" ">
   <subfield code="a">Schindler, R. M.</subfield>
   <subfield code="q">(Rudolph M.),</subfield>
   <subfield code="d">1887-1953.</subfield>
   <subfield code="9">31847</subfield>
  </datafield>
  <datafield tag="245" ind1="1" ind2="4">
   <subfield code="a">The architecture of R.M. Schindler /</subfield>
   <subfield code="c">organized by Elizabeth A.T. Smith and Michael Darling ; essays by Michael Darling ... [et al.].</subfield>
  </datafield>
  <datafield tag="260" ind1=" " ind2=" ">
   <subfield code="a">Los Angeles, Calif. :</subfield>
   <subfield code="b">Museum of Contemporary Art, Los Angeles ;</subfield>
   <subfield code="a">New York :</subfield>
   <subfield code="b">In association with Harry N. Abrams,</subfield>
   <subfield code="c">c2001.</subfield>
  </datafield>
  <datafield tag="300" ind1=" " ind2=" ">
   <subfield code="a">284 p. :</subfield>
   <subfield code="b">ill. (some col.) ;</subfield>
   <subfield code="c">29 cm</subfield>
  </datafield>
  <datafield tag="500" ind1=" " ind2=" ">
   <subfield code="a">Published to accompany an exhibition held at the Museum of Contemporary Art, Los Angeles, Calif., Feb. 25-June 3, 2001, National Building Museum, Washington, D.C., June 29-Oct. 7, 2001, and the MAK--Austrian Museum of Applied Arts, Vienna, Austria, Nov. 13, 2001-Feb. 10, 2002.</subfield>
  </datafield>
  <datafield tag="504" ind1=" " ind2=" ">
   <subfield code="a">Includes bibliographical references (pages [277]-281) and index.</subfield>
  </datafield>
  <datafield tag="526" ind1=" " ind2=" ">
   <subfield code="a">ARC</subfield>
   <subfield code="x">Md. Shajjad Hossain,
Faculty members of the Department of Architecture</subfield>
  </datafield>
  <datafield tag="541" ind1="1" ind2=" ">
   <subfield code="a">Zeenat Book Supply Limited</subfield>
   <subfield code="e">0017809</subfield>
  </datafield>
  <datafield tag="600" ind1="1" ind2="0">
   <subfield code="a">Schindler, R. M.</subfield>
   <subfield code="q">(Rudolph M.),</subfield>
   <subfield code="d">1887-1953</subfield>
   <subfield code="v">Catalogs.</subfield>
   <subfield code="9">31848</subfield>
  </datafield>
  <datafield tag="650" ind1=" " ind2="0">
   <subfield code="a">Modern movement (Architecture)</subfield>
   <subfield code="z">California</subfield>
   <subfield code="v">Catalogs.</subfield>
   <subfield code="9">31849</subfield>
  </datafield>
  <datafield tag="650" ind1=" " ind2="0">
   <subfield code="a">Architecture</subfield>
   <subfield code="z">California</subfield>
   <subfield code="x">History</subfield>
   <subfield code="y">20th century</subfield>
   <subfield code="v">Catalogs.</subfield>
   <subfield code="9">31850</subfield>
  </datafield>
  <datafield tag="700" ind1="1" ind2=" ">
   <subfield code="a">Smith, Elizabeth A. T.,</subfield>
   <subfield code="d">1958-</subfield>
   <subfield code="9">31851</subfield>
  </datafield>
  <datafield tag="700" ind1="1" ind2=" ">
   <subfield code="a">Darling, Michael.</subfield>
   <subfield code="9">31852</subfield>
  </datafield>
  <datafield tag="710" ind1="2" ind2=" ">
   <subfield code="a">Museum of Contemporary Art (Los Angeles, Calif.)</subfield>
   <subfield code="9">31853</subfield>
  </datafield>
  <datafield tag="710" ind1="2" ind2=" ">
   <subfield code="a">National Building Museum (U.S.)</subfield>
   <subfield code="9">31854</subfield>
  </datafield>
  <datafield tag="710" ind1="2" ind2=" ">
   <subfield code="a">Österreichisches Museum für Angewandte Kunst.</subfield>
   <subfield code="9">31855</subfield>
  </datafield>
  <datafield tag="852" ind1="4" ind2=" ">
   <subfield code="a">Ayesha Abed Library</subfield>
   <subfield code="c">General Stacks</subfield>
  </datafield>
  <datafield tag="942" ind1=" " ind2=" ">
   <subfield code="2">ddc</subfield>
   <subfield code="c">BK</subfield>
  </datafield>
  <datafield tag="999" ind1=" " ind2=" ">
   <subfield code="c">7854</subfield>
   <subfield code="d">7854</subfield>
  </datafield>
  <datafield tag="952" ind1=" " ind2=" ">
   <subfield code="0">0</subfield>
   <subfield code="1">0</subfield>
   <subfield code="2">ddc</subfield>
   <subfield code="4">0</subfield>
   <subfield code="6">720_920000000000000_SCH_2001</subfield>
   <subfield code="7">0</subfield>
   <subfield code="9">8778</subfield>
   <subfield code="a">BRACUL</subfield>
   <subfield code="b">BRACUL</subfield>
   <subfield code="c">GEN</subfield>
   <subfield code="d">2010-03-24</subfield>
   <subfield code="e">Zeenat Book Supply Limited</subfield>
   <subfield code="g">6300.00</subfield>
   <subfield code="l">2</subfield>
   <subfield code="o">720.92 SCH</subfield>
   <subfield code="p">3010017809</subfield>
   <subfield code="r">2024-03-05</subfield>
   <subfield code="s">2024-02-22</subfield>
   <subfield code="t">1</subfield>
   <subfield code="w">2010-03-24</subfield>
   <subfield code="y">BK</subfield>
   <subfield code="x">Requisitioned by Md. Shajjad Hossain (Faculty members of the Department of Architecture).</subfield>
  </datafield>
 </record>
</collection>
